|
|
|
|
| LEADER |
00845naa a2200205 i 4500 |
| 001 |
publ36258 |
| 005 |
20250311103241.0 |
| 008 |
250311s2022 hu o 000 eng d |
| 020 |
|
|
|a 9788082750006
|
| 024 |
7 |
|
|a 35846824
|2 mtmt
|
| 040 |
|
|
|a SZTE Publicatio Repozitórium
|b hun
|
| 041 |
|
|
|a eng
|
| 100 |
1 |
|
|a Zulfiqar Rida
|
| 245 |
1 |
0 |
|a Judicial independence from comparative law perspective
|h [elektronikus dokumentum] /
|c Zulfiqar Rida
|
| 260 |
|
|
|a Paneurópska vysoká škola, Fakulta práva
|b Bratislava
|c 2022
|
| 300 |
|
|
|a 13
|
| 300 |
|
|
|a 317-329
|
| 490 |
0 |
|
|a Budúcnosť práva – Právo budúcnosti II. Zborník príspevkov z online vedeckej konferencie - The Law of the Future – The Future of Law II. Conference Proceedings
|
| 650 |
|
4 |
|a Jogtudomány
|
| 856 |
4 |
0 |
|u http://publicatio.bibl.u-szeged.hu/36258/1/lotfii_Zulfiqar.pdf
|z Dokumentum-elérés
|